Statistics for Brown things image quiz

Click here to take the quiz!

General Stats

  • This quiz has been taken 69 times
  • The average score is 8 of 12

Answer Stats

Answer% Correct
Brown leaves
92%
Coffee
90%
Gordon Brown
88%
Cow
85%
Brown eyes
78%
Wood
78%
Chocolate
76%
Brown Bear
75%
Mud
64%
Brown sugar
61%
Kiwi
42%
Shitake mushrooms
2%

Score Distribution

Percentile by Number Answered

Percent of People with Each Score

Your Score History

You have not taken this quiz